| 000 | 01344cam a22003494a 4500 | ||
|---|---|---|---|
| 001 | 12691989 | ||
| 003 | NUST - PNEC | ||
| 005 | 20170116181052.0 | ||
| 008 | 020305s2003 maua b 001 0 eng | ||
| 010 | _a 2002025458 | ||
| 020 | _a0072487291 | ||
| 020 | _a0071195475 (International ed.) | ||
| 040 |
_aDLC _cLIBRARY _dDLC |
||
| 042 | _apcc | ||
| 050 | 0 | 0 |
_aHG4026 _b.H44 2003 |
| 082 | 0 | 0 | _a658.151 HEL |
| 100 | 1 | _aHelfert, Erich A. | |
| 245 | 1 | 0 |
_aTechniques of financial analysis : _ba guide to value creation / _cErich A. Helfert. |
| 250 | _a11th ed. | ||
| 260 |
_aBoston : _bMcGraw-Hill/Irwin, _cc2003. |
||
| 300 |
_axxiv, 570 p. : _bill. ; _c23 cm. |
||
| 440 | 4 | _aThe McGraw-Hill/Irwin series in finance, insurance, and real estate | |
| 500 | _aSupplemented by a companion Web site which includes interactive Excel templates and a time-limited educational version of Financial Genome, a professional software tool for financial analysis. | ||
| 504 | _aIncludes bibliographies and index. | ||
| 650 | 0 |
_aCorporations _xMIS |
|
| 650 | 0 | _aCash flow. | |
| 650 | 0 | _aFinancial statements. | |
| 650 | 0 | _aRatio analysis. | |
| 906 |
_a7 _bcbc _corignew _d1 _eocip _f20 _gy-gencatlg |
||
| 942 |
_2ddc _cBK |
||
| 999 |
_c68436 _d68436 |
||